[Event "Uralsk-ch Women 2019"]
[Site "Khanty-Mansiysk"]
[Date "2019.03.14"]
[Round "3.2"]
[White "Filippova, Darya"]
[Black "Svetlana, But"]
[Result "1-0"]
[WhiteElo "2099"]
[BlackElo "1984"]
[Annotator "NA RC"]
[PlyCount "145"]
[EventDate "2019.03.12"]
[EventType "swiss"]
[EventCountry "RUS"]
[SourceTitle "playchess.com"]
[Source "ChessBase"]
[SourceQuality "1"]
[TimeControl "5400+30"]

1. d4 {[%emt 0:00:00]} d5 {[%emt 0:00:00]} 2. Bf4 {[%emt 0:00:00]} Nf6 {[%emt 0:00:42]} 3. e3 {[%emt 0:01:09]} e6 {[%emt 0:02:17]} 4. Nf3 {[%emt 0:01:52]} c5 {[%emt 0:03:16]} 5. c3 {[%emt 0:01:24]} Nc6 {[%emt 0:04:15]} 6. Nbd2 {[%emt 0:02:39]} cxd4 {[%emt 0:03:39]} 7. exd4 {[%emt 0:01:54]} h6 {[%emt 0:05:55]} 8. Bd3 {[%emt 0:03:06]} Bd6 {[%emt 0:00:12]} 9. Bg3 {[%emt 0:03:41]} O-O {[%emt 0:04:28]} 10. Qe2 {[%emt 0:02:41]} Nh5 {[%emt 0:13:23]} 11. Ne5 {[%emt 0:02:22]} Nxg3 {[%emt 0:05:20]} 12. hxg3 {[%emt 0:01:29]} f5 {[%emt 0:03:45]} 13. Ndf3 {[%emt 0:02:37]} Bxe5 {[%emt 0:01:05]} 14. Nxe5 {[%emt 0:01:13]} Nxe5 {[%emt 0:00:38]} 15. Qxe5 {[%emt 0:00:57]} Qf6 {[%emt 0:02:32]} 16. Qe2 {[%emt 0:05:18]} f4 {[%emt 0:11:53]} 17. gxf4 {[%emt 0:01:23]} Qxf4 {[%emt 0:00:09]} 18. Rh5 {[%emt 0:00:59]} Bd7 {[%emt 0:00:53]} 19. Rd1 {[%emt 0:07:53]} Rae8 {[%emt 0:02:02]} 20. Re5 {[%emt 0:04:52]} Rf6 {[%emt 0:05:58]} 21. Rd2 {[%emt 0:03:41]} Rc8 {[%emt 0:05:56]} 22. Qh5 {[%emt 0:13:33]} Be8 {[%emt 0:00:52]} 23. Qh3 {[%emt 0:00:43]} Rd8 {[%emt 0:06:06]} 24. Bc2 {[%emt 0:02:35]} h5 {[%emt 0:06:58]} 25. g3 {[%emt 0:06:41]} Qh6 {[%emt 0:00:24]} 26. Qh4 {[%emt 0:01:27]} Rc8 {[%emt 0:01:40]} 27. f4 {[%emt 0:03:11]} Qh8 {[%emt 0:03:41]} 28. Rde2 {[%emt 0:01:09]} Bf7 {[%emt 0:00:21]} 29. a4 {[%emt 0:02:29]} b6 {[%emt 0:00:14]} 30. Bd3 {[%emt 0:00:32]} g6 {[%emt 0:00:35]} 31. Rg5 {[%emt 0:01:03]} Kg7 {[%emt 0:00:52]} 32. Qh2 {[%emt 0:04:11]} a5 {[%emt 0:01:50]} 33. Qh4 {[%emt 0:01:13]} Rc7 {[%emt 0:00:12]} 34. Rh2 {[%emt 0:00:23]} Rc8 {[%emt 0:00:20]} 35. Kd2 {[%emt 0:01:09]} Re8 {[%emt 0:00:11]} 36. Qxh5 {[%emt 0:00:18]} Qxh5 {[%emt 0:00:17]} 37. Rhxh5 {[%emt 0:00:08]} Rh8 {[%emt 0:00:19]} 38. Rxh8 {[%emt 0:00:09]} Kxh8 {[%emt 0:00:04]} 39. Ke3 {[%emt 0:01:08]} Be8 {[%emt 0:00:13]} 40. b3 {[%emt 0:00:30]} Kg7 {[%emt 0:00:39]} 41. g4 {[%emt 0:00:13]} Bd7 {[%emt 0:00:48]} 42. Re5 {[%emt 0:00:34]} Rf8 {[%emt 0:00:23]} 43. c4 {[%emt 0:00:43]} dxc4 {[%emt 0:00:08]} 44. Bxc4 {[%emt 0:00:06]} Re8 {[%emt 0:00:46]} 45. d5 {[%emt 0:01:46]} exd5 {[%emt 0:00:12]} 46. Rxe8 {[%emt 0:00:06]} Bxe8 {[%emt 0:00:04]} 47. Bxd5 {[%emt 0:00:07]} b5 {[%emt 0:02:03]} 48. axb5 {[%emt 0:00:09]} Bxb5 {[%emt 0:00:02]} 49. Kd4 {[%emt 0:00:35]} g5 {[%emt 0:00:22]} 50. fxg5 {[%emt 0:00:24]} Kg6 {[%emt 0:00:05]} 51. Be6 {[%emt 0:00:58]} a4 {[%emt 0:00:32]} 52. b4 {[%emt 0:00:30]} a3 {[%emt 0:00:44]} 53. Kc3 {[%emt 0:00:29]} Ba4 {[%emt 0:00:19]} 54. Bb3 {[%emt 0:01:07]} Bc6 {[%emt 0:01:04]} 55. Bc4 {[%emt 0:00:38]} Kxg5 {[%emt 0:00:41]} 56. Be6 {[%emt 0:00:33]} Ba4 {[%emt 0:00:30]} 57. Kd2 {[%emt 0:00:22]} a2 {[%emt 0:00:19]} 58. Bxa2 {[%emt 0:00:08]} Kxg4 {[%emt 0:00:02]} 59. Ke3 {[%emt 0:00:25]} Kf5 {[%emt 0:00:19]} 60. Kd4 {[%emt 0:00:07]} Bd7 {[%emt 0:00:32]} 61. Kc5 {[%emt 0:00:36]} Ke5 {[%emt 0:00:09]} 62. Bd5 {[%emt 0:00:13]} Bf5 {[%emt 0:02:08]} 63. b5 {[%emt 0:00:08]} Bd3 {[%emt 0:00:05]} 64. b6 {[%emt 0:00:11]} Ba6 {[%emt 0:00:05]} 65. Kc6 {[%emt 0:00:27]} Kd4 {[%emt 0:00:37]} 66. Bg2 {[%emt 0:00:21]} Ke5 {[%emt 0:02:07]} 67. Kc7 {[%emt 0:00:11]} Ke6 {[%emt 0:00:38]} 68. Bf1 {[%emt 0:00:08]} Bxf1 {[%emt 0:00:05]} 69. b7 {[%emt 0:00:05]} Bg2 {[%emt 0:00:07]} 70. b8=Q {[%emt 0:00:07]} Bd5 {[%emt 0:00:05]} 71. Qb6+ {[%emt 0:00:21]} Ke5 {[%emt 0:00:07]} 72. Qc5 {[%emt 0:00:14]} Ke4 {[%emt 0:00:28]} 73. Kd6 {[%emt 0:00:07]} 1-0

[Event "Uralsk-ch Women 2019"]
[Site "Khanty-Mansiysk"]
[Date "2019.03.14"]
[Round "3.3"]
[White "Mukhina, Jana"]
[Black "Garifullina, Leya"]
[Result "1/2-1/2"]
[WhiteElo "2038"]
[BlackElo "2095"]
[Annotator "NA RC"]
[PlyCount "87"]
[EventDate "2019.03.12"]
[EventType "swiss"]
[EventCountry "RUS"]
[SourceTitle "playchess.com"]
[Source "ChessBase"]
[SourceQuality "1"]
[TimeControl "5400+30"]

1. d4 {[%emt 0:00:00]} Nf6 {[%emt 0:00:00]} 2. c4 {[%emt 0:00:00]} e6 {[%emt 0:00:00]} 3. Nc3 {[%emt 0:00:00]} Bb4 {[%emt 0:00:13]} 4. Qb3 {[%emt 0:00:00]} c5 {[%emt 0:01:19]} 5. dxc5 {[%emt 0:00:03]} Nc6 {[%emt 0:01:00]} 6. Bg5 {[%emt 0:02:06]} Bxc5 {[%emt 0:11:33]} 7. Nf3 {[%emt 0:06:11]} Nd4 {[%emt 0:13:28]} 8. Nxd4 {[%emt 0:00:40]} Bxd4 {[%emt 0:00:05]} 9. e3 {[%emt 0:01:15]} Qa5 {[%emt 0:10:26]} 10. exd4 {[%emt 0:00:52]} Qxg5 {[%emt 0:00:05]} 11. Qa3 {[%emt 0:02:09]} Qf4 {[%emt 0:05:29]} 12. f3 {[%emt 0:16:30]} Qe3+ {[%emt 0:08:14]} 13. Be2 {[%emt 0:00:31]} d5 {[%emt 0:02:39]} 14. Qc5 {[%emt 0:09:37]} Bd7 {[%emt 0:06:52]} 15. Nb5 {[%emt 0:02:00]} Bxb5 {[%emt 0:01:43]} 16. Qxb5+ {[%emt 0:00:10]} Nd7 {[%emt 0:01:34]} 17. cxd5 {[%emt 0:02:47]} exd5 {[%emt 0:01:42]} 18. Qxd5 {[%emt 0:07:00]} O-O {[%emt 0:01:49]} 19. Qe4 {[%emt 0:00:30]} Qg5 {[%emt 0:02:24]} 20. O-O {[%emt 0:05:09]} Nf6 {[%emt 0:01:42]} 21. f4 {[%emt 0:09:52]} Nxe4 {[%emt 0:04:23]} 22. fxg5 {[%emt 0:00:08]} Nxg5 {[%emt 0:00:09]} 23. Rac1 {[%emt 0:03:23]} Rac8 {[%emt 0:03:43]} 24. Bg4 {[%emt 0:01:16]} Rcd8 {[%emt 0:00:50]} 25. Rf4 {[%emt 0:02:05]} Ne6 {[%emt 0:06:04]} 26. Bxe6 {[%emt 0:00:14]} fxe6 {[%emt 0:00:01]} 27. Rxf8+ {[%emt 0:00:43]} Rxf8 28. Rc7 {[%emt 0:00:19]} Rf7 {[%emt 0:01:15]} 29. Rc8+ {[%emt 0:00:05]} Rf8 {[%emt 0:00:03]} 30. Rxf8+ {[%emt 0:00:52]} Kxf8 {[%emt 0:00:04]} 31. Kf2 {[%emt 0:00:12]} Ke7 {[%emt 0:00:44]} 32. Ke3 {[%emt 0:00:05]} Kd7 {[%emt 0:00:44]} 33. Kf4 {[%emt 0:00:25]} Kd6 {[%emt 0:00:53]} 34. Ke4 {[%emt 0:00:06]} b5 {[%emt 0:01:19]} 35. b4 {[%emt 0:00:43]} a6 {[%emt 0:00:09]} 36. g3 {[%emt 0:11:08]} g6 {[%emt 0:01:08]} 37. h3 {[%emt 0:00:04]} h6 {[%emt 0:00:06]} 38. h4 {[%emt 0:01:38]} h5 {[%emt 0:00:25]} 39. a3 {[%emt 0:00:20]} Kd7 {[%emt 0:00:37]} 40. Kf4 {[%emt 0:01:15]} Ke7 {[%emt 0:01:42]} 41. Ke5 {[%emt 0:00:29]} Kf7 {[%emt 0:00:15]} 42. Ke4 {[%emt 0:08:57]} Ke7 {[%emt 0:00:38]} 43. Ke5 {[%emt 0:00:36]} Kf7 {[%emt 0:00:04]} 44. Ke4 {[%emt 0:06:20]} 1/2-1/2

[Event "Uralsk-ch Women 2019"]
[Site "Khanty-Mansiysk"]
[Date "2019.03.15"]
[Round "4.1"]
[White "Kabanova, Ekaterina"]
[Black "Filippova, Darya"]
[Result "1-0"]
[WhiteElo "2086"]
[BlackElo "2099"]
[Annotator "NA RC"]
[PlyCount "77"]
[EventDate "2019.03.15"]
[EventType "swiss"]
[EventCountry "RUS"]
[SourceTitle "playchess.com"]
[Source "ChessBase"]
[SourceQuality "1"]
[TimeControl "40/5400+30:1800+30"]

1. c4 {[%emt 0:00:18]} e6 {[%emt 0:00:00]} 2. Nf3 {[%emt 0:01:32]} Nf6 {[%emt 0:00:56]} 3. e3 {[%emt 0:00:26]} d5 {[%emt 0:00:26]} 4. Qc2 {[%emt 0:01:07]} c5 {[%emt 0:05:14]} 5. a3 {[%emt 0:03:52]} Nc6 {[%emt 0:01:40]} 6. d3 {[%emt 0:00:13]} Be7 {[%emt 0:02:17]} 7. Be2 {[%emt 0:00:09]} O-O {[%emt 0:00:11]} 8. Nbd2 {[%emt 0:00:03]} b6 {[%emt 0:01:50]} 9. b3 {[%emt 0:00:14]} Bb7 {[%emt 0:00:40]} 10. h3 {[%emt 0:00:45]} Qc7 {[%emt 0:01:34]} 11. Bb2 {[%emt 0:00:25]} Rad8 {[%emt 0:14:45]} 12. O-O {[%emt 0:01:10]} a5 {[%emt 0:05:06]} 13. Rfe1 {[%emt 0:00:15]} d4 {[%emt 0:02:00]} 14. exd4 {[%emt 0:02:52]} cxd4 {[%emt 0:00:23]} 15. Bf1 {[%emt 0:06:32]} e5 {[%emt 0:03:48]} 16. Qd1 {[%emt 0:03:38]} Nd7 {[%emt 0:01:34]} 17. Ne4 {[%emt 0:00:11]} h6 {[%emt 0:07:15]} 18. Nfd2 {[%emt 0:01:39]} f5 {[%emt 0:02:31]} 19. Ng3 {[%emt 0:00:01]} Bd6 {[%emt 0:00:33]} 20. Qh5 {[%emt 0:05:18]} Ne7 {[%emt 0:00:15]} 21. Rab1 {[%emt 0:01:00]} Bc5 {[%emt 0:07:36]} 22. Qd1 {[%emt 0:08:12]} Qd6 {[%emt 0:00:49]} 23. Ra1 {[%emt 0:00:41]} Rde8 {[%emt 0:01:24]} 24. Be2 {[%emt 0:07:21]} Ng6 {[%emt 0:04:25]} 25. Bf3 {[%emt 0:04:09]} Bxf3 {[%emt 0:00:48]} 26. Nxf3 {[%emt 0:00:02]} Nf4 {[%emt 0:02:16]} 27. Nh4 {[%emt 0:07:13]} Qc6 {[%emt 0:05:20]} 28. Bc1 {[%emt 0:06:51]} g5 {[%emt 0:00:13]} 29. Bxf4 {[%emt 0:00:18]} gxh4 {[%emt 0:03:08]} 30. Nxf5 {[%emt 0:02:16]} Rf6 {[%emt 0:06:09]} 31. Qh5 {[%emt 0:14:06]} Ree6 {[%emt 0:01:33]} 32. Bd2 {[%emt 0:03:22]} e4 {[%emt 0:03:34]} 33. dxe4 {[%emt 0:01:08]} Rxe4 {[%emt 0:00:15]} 34. Rxe4 {[%emt 0:00:35]} Qxe4 {[%emt 0:00:09]} 35. Nxh6+ {[%emt 0:00:06]} Kg7 {[%emt 0:00:39]} 36. Ng4 {[%emt 0:02:04]} Rg6 {[%emt 0:01:08]} 37. Re1 {[%emt 0:01:00]} Qc2 {[%emt 0:00:21]} 38. Bh6+ {[%emt 0:00:39]} Kf7 {[%emt 0:00:13]} 39. Qd5+ {[%emt 0:00:19]} 1-0

[Event "Uralsk-ch Women 2019"]
[Site "Khanty-Mansiysk"]
[Date "2019.03.15"]
[Round "4.2"]
[White "Vinokur, Yuliya"]
[Black "Mukhina, Jana"]
[Result "0-1"]
[WhiteElo "2076"]
[BlackElo "2038"]
[Annotator "NA RC"]
[PlyCount "90"]
[EventDate "2019.03.15"]
[EventType "swiss"]
[EventCountry "RUS"]
[SourceTitle "playchess.com"]
[Source "ChessBase"]
[SourceQuality "1"]
[TimeControl "40/5400+30:1800+30"]

1. d4 {[%emt 0:00:00]} Nf6 {[%emt 0:00:24]} 2. c4 {[%emt 0:00:00]} g6 {[%emt 0:00:36]} 3. Nc3 {[%emt 0:00:13]} Bg7 {[%emt 0:00:08]} 4. e4 {[%emt 0:00:10]} d6 {[%emt 0:00:19]} 5. Be2 {[%emt 0:00:13]} O-O {[%emt 0:00:05]} 6. Nf3 {[%emt 0:00:13]} e5 {[%emt 0:00:24]} 7. d5 {[%emt 0:00:39]} a5 {[%emt 0:00:07]} 8. Bg5 {[%emt 0:00:25]} h6 {[%emt 0:00:29]} 9. Bh4 {[%emt 0:00:17]} g5 {[%emt 0:00:34]} 10. Bg3 {[%emt 0:00:09]} Nh5 {[%emt 0:00:11]} 11. h4 {[%emt 0:00:09] E92: King's Indian: Classical: 6 Be2 e5: 7 dxe5, 7 Be3 and Petrosian System without 7...Nbd7} g4 {[%emt 0:00:06]} 12. Nh2 {[%emt 0:00:21]} (12. Nd2 Nxg3 13. fxg3 h5 14. Qc2 Na6 15. O-O-O Qf6 16. Rhf1 Qh6 17. Kb1 Bd7 18. a3 a4 {0-1 (60) Aronian,L (2785)-Grischuk,A (2737) Doha 2016}) 12... Nxg3 {[%emt 0:00:15]} 13. fxg3 {[%emt 0:00:04]} h5 {[%emt 0:00:09]} 14. O-O {[%emt 0:00:51]} Na6 {[%emt 0:02:04]} 15. Bd3 {[%emt 0:03:56]} Nc5 {[%emt 0:03:40]} 16. Bc2 {[%emt 0:03:06]} Bd7 {[%emt 0:01:56]} 17. Qd2 {[%emt 0:07:48]} Qe7 {[%emt 0:14:56]} 18. Rf2 {[%emt 0:03:23]} f5 {[%emt 0:03:23]} 19. exf5 {[%emt 0:19:19]} e4 {[%emt 0:00:13]} 20. f6 $146 {[%emt 0:00:09]} ({Predecessor:} 20. Nf1 Bxf5 21. Ne3 Bg6 22. Raf1 Rxf2 23. Rxf2 {0-1 (46) Pereira Figueroa,M (2060)-Diaz Castro,S (2228) Dos Hermanas 2003}) 20... Rxf6 {[%emt 0:19:28]} 21. Qg5 {[%emt 0:06:44]} Re8 {[%emt 0:02:33]} 22. Re2 {[%emt 0:09:47]} Rf5 {[%emt 0:01:37]} 23. Qe3 {[%emt 0:01:11]} Re5 {[%emt 0:02:04]} 24. Rae1 {[%emt 0:00:53]} Bf5 {[%emt 0:02:14]} 25. Nf1 {[%emt 0:00:59]} Nd3 {[%emt 0:06:08]} 26. Rb1 {[%emt 0:01:51]} c5 {[%emt 0:00:27]} 27. dxc6 {[%emt 0:06:03]} bxc6 {[%emt 0:00:28]} 28. Ba4 {[%emt 0:00:04]} Qb7 {[%emt 0:08:06]} 29. Nd2 {[%emt 0:03:33]} R8e6 {[%emt 0:03:04]} 30. Qg5 {[%emt 0:07:45]} Qb6+ {[%emt 0:00:14]} 31. Kh2 {[%emt 0:01:54]} e3 {[%emt 0:04:21]} 32. c5 {[%emt 0:03:03]} Qxc5 {[%emt 0:02:02]} 33. Nc4 {[%emt 0:03:24]} Qxc4 {[%emt 0:01:47]} 34. Bb3 {[%emt 0:00:07]} Qc5 {[%emt 0:00:30]} 35. Bxe6+ {[%emt 0:04:00]} Bxe6 {[%emt 0:00:44]} 36. Qd8+ {[%emt 0:00:38]} Kh7 {[%emt 0:00:13]} 37. Rd1 {[%emt 0:01:03]} Bf5 {[%emt 0:00:15]} 38. Na4 {[%emt 0:00:46]} Qb4 {[%emt 0:01:27]} 39. Nb6 {[%emt 0:00:55]} d5 {[%emt 0:01:12]} 40. Nc8 {[%emt 0:02:49]} Qb8 {[%emt 0:01:30]} 41. Qb6 {[%emt 0:31:32]} Qxc8 {[%emt 0:31:57]} 42. Rxe3 $19 {[%emt 0:00:06]} Rxe3 {[%emt 0:00:22]} 43. Qxe3 {[%emt 0:00:02]} Qe6 {[%emt 0:01:10]} 44. Qg5 {[%emt 0:00:54]} Qg6 {[%emt 0:00:49]} 45. Qd8 {[%emt 0:00:10]} Nxb2 {[%emt 0:00:42]} 0-1

[Event "Uralsk-ch Women 2019"]
[Site "Khanty-Mansiysk"]
[Date "2019.03.15"]
[Round "4.3"]
[White "Garifullina, Leya"]
[Black "Semenova, Elena"]
[Result "1/2-1/2"]
[WhiteElo "2095"]
[BlackElo "2238"]
[Annotator "TA"]
[PlyCount "81"]
[EventDate "2019.03.15"]
[EventType "swiss"]
[EventCountry "RUS"]
[SourceTitle "playchess.com"]
[Source "ChessBase"]
[SourceQuality "1"]

{[%evp 19,81,20,20,30,28,29,20,21,17,-2,-6,-22,-33,-26,-20,-28,17,0,0,0,0,0,0,-5,-8,-18,-20,-30,-33,-14,-2,-5,-4,-21,0,-15,0,0,0,0,0,0,0,0,0,0,0,0,0,0,0,0,0,0,0,0,0,0,0,0,0,0,0,0]} 1. d4 Nf6 2. c4 e6 3. g3 d5 4. Nf3 Be7 5. Bg2 O-O 6. O-O dxc4 7. Qc2 a6 8. a4 Bd7 9. Qxc4 Bc6 10. Bf4 Nd5 11. Bd2 {E05: Open Catalan: 5 Nf3 Be7} (11. Nc3 Nxf4 12. gxf4 a5 13. Ne5 Bxg2 14. Kxg2 c6 15. Rad1 Na6 16. e3 Nb4 17. Rg1 Nd5 18. Kh1 f6 {1-0 (30) Avrukh,B (2668)-Sanikidze,T (2600) Novi Sad 2009}) 11... Nd7 12. Qc2 Nb4 13. Bxb4 Bxb4 14. e4 $146 ({Predecessor:} 14. Nc3 Nf6 15. Rfd1 Rc8 16. a5 Qe7 17. e4 Bxc3 18. e5 Bxb2 19. Qxb2 {1-0 (29) Rosenkilde,A (2211)-Higgs,J (2003) Helsingor 2016}) 14... Nf6 15. Ne5 Qxd4 16. Nxc6 bxc6 17. Na3 Bxa3 18. Rxa3 Rab8 19. Rc3 Rfd8 20. b3 Qd2 21. Qxd2 Rxd2 22. Rxc6 Rxb3 23. Rxc7 {[#] Rc8+ would kill now.} g6 24. Ra7 Rbb2 {Threatens to win with ...Ng4.The position is equal.} 25. h3 $1 Ra2 26. Rxa6 Rd4 (26... Nd7 {feels hotter.} 27. h4 Ne5 28. Bh3 Kg7 29. Ra7 Nc6) 27. Re1 Rdxa4 (27... Nd7 {is more complex.} 28. Ra8+ Kg7 29. Rd8 Raxa4 30. e5 Rac4) 28. Rxa4 Rxa4 $11 {[%mdl 4096] Endgame KRB-KRN} 29. e5 Nd5 30. h4 Ra5 31. Re2 Ra1+ 32. Kh2 Nb6 33. Rc2 Ra5 34. f4 Nd5 35. Bxd5 Rxd5 {KR-KR} 36. Kg2 Kg7 37. Rc3 h6 38. Kf3 Rd1 39. Kg4 h5+ 40. Kf3 Rf1+ 41. Ke4 {Accuracy: White = 73%, Black = 77%.} 1/2-1/2

[Event "Uralsk-ch Women 2019"]
[Site "Khanty-Mansiysk"]
[Date "2019.03.16"]
[Round "5.1"]
[White "Mukhina, Jana"]
[Black "Kabanova, Ekaterina"]
[Result "1-0"]
[WhiteElo "2038"]
[BlackElo "2086"]
[Annotator "NA RC"]
[PlyCount "81"]
[EventDate "2019.03.12"]
[EventType "swiss"]
[EventCountry "RUS"]
[SourceTitle "playchess.com"]
[Source "ChessBase"]
[SourceQuality "1"]
[TimeControl "5400+30"]

1. e4 {[%emt 0:00:00]} e6 {[%emt 0:00:00]} 2. d4 {[%emt 0:00:00]} d5 {[%emt 0:00:00]} 3. Nd2 {[%emt 0:00:10]} c5 {[%emt 0:00:02]} 4. exd5 {[%emt 0:00:11]} Qxd5 {[%emt 0:00:04]} 5. dxc5 {[%emt 0:00:10]} Bxc5 {[%emt 0:01:01]} 6. Ngf3 {[%emt 0:00:13]} Nf6 {[%emt 0:00:13]} 7. Bc4 {[%emt 0:00:06]} Qc6 {[%emt 0:00:06] C07: French Tarrasch: 3...c5, 4 Ngf3 and 4 exd5 Qxd5} 8. O-O {[%emt 0:01:07]} (8. Qe2 O-O 9. O-O b6 10. Nb3 Bb7 11. Nxc5 Qxc5 12. b3 Nbd7 13. Bb2 Qh5 14. Ne5 Qxe2 15. Bxe2 Nxe5 16. Bxe5 {½-½ (68) Bruzon Batista,L (2653)-Lenderman,A (2626) Saint Louis 2018}) 8... Nbd7 {[%emt 0:00:06]} 9. Qe2 {[%emt 0:02:38]} O-O {[%emt 0:01:05]} 10. Nb3 {[%emt 0:04:43]} Bb6 {[%emt 0:02:04]} 11. Bf4 {[%emt 0:15:55]} a6 {[%emt 0:07:36]} 12. Rfe1 {[%emt 0:07:13]} e5 $146 {[%emt 0:12:55]} ({Predecessor:} 12... Bc7 13. Bd2 b5 14. Bd3 Nc5 15. Nxc5 Qxc5 {1-0 (39) Barbiso,T (1925)-Settis,M (2063) Turin 2009}) 13. Bg3 {[%emt 0:06:21]} Bc7 {[%emt 0:06:38]} 14. a4 {[%emt 0:11:10]} b6 {[%emt 0:09:08]} 15. Nfd2 {[%emt 0:04:01]} Bb7 {[%emt 0:05:53]} 16. Qf1 {[%emt 0:03:03]} Kh8 {[%emt 0:10:06]} 17. Be2 {[%emt 0:02:12]} Rfe8 {[%emt 0:09:13]} 18. c3 {[%emt 0:12:51]} Bd6 {[%emt 0:08:33]} 19. Nc4 {[%emt 0:04:58]} Bb8 {[%emt 0:05:41]} 20. Red1 {[%emt 0:03:17]} Qe6 {[%emt 0:00:25]} 21. Ncd2 {[%emt 0:08:21]} h6 {[%emt 0:06:20]} 22. h3 {[%emt 0:00:49]} Qf5 {[%emt 0:01:17]} 23. Nc4 $11 {[%emt 0:01:14]} Qe6 {[%emt 0:02:31]} 24. Ncd2 {[%emt 0:03:25]} Ra7 {[%emt 0:01:39]} 25. Re1 {[%emt 0:00:33]} Qf5 {[%emt 0:01:03]} 26. Bd3 {[%emt 0:00:49]} e4 {[%emt 0:01:55]} 27. Nd4 {[%emt 0:00:24]} Qg5 {[%emt 0:00:36]} 28. Bxb8 {[%emt 0:02:41]} Nxb8 {[%emt 0:00:07]} 29. f4 {[%emt 0:01:09]} Qg3 {[%emt 0:05:04]} 30. Bc2 {[%emt 0:00:43]} Qg6 {[%emt 0:01:03]} 31. N2f3 {[%emt 0:01:17]} Nbd7 {[%emt 0:00:30]} 32. Qf2 {[%emt 0:01:48]} Qh5 {[%emt 0:01:02]} 33. Nh4 {[%emt 0:00:41]} g6 {[%emt 0:01:17]} 34. Qg3 {[%emt 0:00:52]} Rg8 {[%emt 0:00:26]} 35. Bd1 {[%emt 0:00:43]} Qc5 {[%emt 0:00:01]} 36. b4 {[%emt 0:00:24]} Qd5 {[%emt 0:00:15]} 37. Bb3 {[%emt 0:00:14]} Qd6 {[%emt 0:00:41]} 38. Bxf7 {[%emt 0:00:31]} Rg7 {[%emt 0:00:16]} 39. Nxg6+ {[%emt 0:01:12]} Kh7 {[%emt 0:00:00]} 40. Nf5 {[%emt 0:00:13]} Qd3 {[%emt 0:00:01]} 41. Nf8+ {[%emt 0:00:40]} 1-0

[Event "Uralsk-ch Women 2019"]
[Site "Khanty-Mansiysk"]
[Date "2019.03.16"]
[Round "5.2"]
[White "Filippova, Darya"]
[Black "Ponomarenko, Valeria"]
[Result "1-0"]
[WhiteElo "2099"]
[BlackElo "1412"]
[Annotator "NA RC"]
[PlyCount "91"]
[EventDate "2019.03.12"]
[EventType "swiss"]
[EventCountry "RUS"]
[SourceTitle "playchess.com"]
[Source "ChessBase"]
[SourceQuality "1"]
[TimeControl "5400+30"]

1. d4 {[%emt 0:00:00]} c5 {[%emt 0:00:00]} 2. e3 {[%emt 0:00:00]} cxd4 {[%emt 0:00:07]} 3. exd4 {[%emt 0:00:00]} d5 {[%emt 0:00:29]} 4. g3 {[%emt 0:00:40] B13: Caro-Kann: Exchange Variation and Panov-Botvinnik Attack} (4. Bd3 Nc6 5. c3 Nf6 6. h3 g6 7. Nf3 Bf5 8. Be2 Bg7 9. O-O O-O 10. Bf4 Ne4 11. Nbd2 Re8 12. Re1 h6 13. Bf1 g5 14. Bh2 Qd7 15. Nxe4 Bxe4 {1-0 (35) Caruana,F (2828)-Shankland,S (2725) chess.com INT 2019}) 4... g6 {[%emt 0:01:01]} 5. Bg2 {[%emt 0:00:19]} Bg7 {[%emt 0:00:09]} 6. c3 {[%emt 0:00:50]} Nf6 {[%emt 0:01:17]} 7. f4 {[%emt 0:01:12]} O-O {[%emt 0:01:31]} 8. Nf3 {[%emt 0:01:03]} Nc6 {[%emt 0:01:38]} 9. Nbd2 $146 {[%emt 0:00:45]} ({Predecessor:} 9. O-O Bf5 10. Re1 Ne4 11. Nbd2 {½-½ (45) Katona,F (2253)-Akots,G (2250) Hungary 2010}) 9... Bf5 {[%emt 0:04:15]} 10. O-O {[%emt 0:00:48]} Qc8 {[%emt 0:03:58]} 11. Ne5 {[%emt 0:08:10]} Bh3 {[%emt 0:03:19]} 12. Qe2 {[%emt 0:01:55]} Bxg2 {[%emt 0:01:00]} 13. Kxg2 {[%emt 0:01:57]} Re8 {[%emt 0:02:13]} 14. Re1 {[%emt 0:01:03]} Nd7 {[%emt 0:05:38]} 15. Qg4 {[%emt 0:11:34]} Ndxe5 {[%emt 0:05:53]} 16. Qxc8 {[%emt 0:00:10]} Raxc8 {[%emt 0:00:14]} 17. fxe5 {[%emt 0:00:24]} f6 {[%emt 0:03:23]} 18. Nf3 {[%emt 0:05:01]} fxe5 {[%emt 0:06:12]} 19. dxe5 {[%emt 0:03:22]} e6 {[%emt 0:01:16]} 20. Bf4 {[%emt 0:07:35]} b5 {[%emt 0:07:23]} 21. a3 {[%emt 0:06:45]} a5 {[%emt 0:05:47]} 22. Re2 {[%emt 0:04:47]} h6 {[%emt 0:05:26]} 23. h4 {[%emt 0:00:21]} Red8 {[%emt 0:01:25]} 24. Be3 {[%emt 0:03:47]} Rd7 {[%emt 0:05:28]} 25. Rf1 {[%emt 0:03:33]} Kh7 {[%emt 0:03:31]} 26. Bd4 {[%emt 0:03:49]} Rf7 $2 {[%emt 0:05:41] [#]} (26... Rb7 $11) 27. Ng5+ $1 {[%emt 0:00:26] Discovered Attack} hxg5 {[%emt 0:03:56]} 28. Rxf7 {[%emt 0:00:08]} gxh4 {[%emt 0:01:00]} 29. gxh4 {[%emt 0:01:48]} Kg8 {[%emt 0:01:26]} 30. Rb7 {[%emt 0:02:37]} Rb8 {[%emt 0:03:02]} 31. Rxb8+ {[%emt 0:02:06]} Nxb8 {[%emt 0:00:08]} 32. Kf3 {[%emt 0:01:40]} Nc6 {[%emt 0:01:17]} 33. Kg4 {[%emt 0:00:51]} Ne7 $18 {[%emt 0:00:39]} 34. Kg5 {[%emt 0:01:24]} Kh7 {[%emt 0:01:24]} (34... Kf7 {keeps fighting.} 35. h5 gxh5 36. Kxh5 Nf5) 35. b3 {[%emt 0:00:29]} Nf5 {[%emt 0:02:01]} 36. a4 {[%emt 0:01:05]} bxa4 {[%emt 0:01:08]} 37. bxa4 {[%emt 0:00:09]} Ng3 {[%emt 0:00:21]} 38. Rb2 {[%emt 0:00:28]} Ne4+ {[%emt 0:01:29]} 39. Kg4 {[%emt 0:00:18]} Bh6 {[%emt 0:00:49]} 40. Rb5 {[%emt 0:02:04]} Bd2 {[%emt 0:00:12]} 41. Rxa5 {[%emt 0:00:40]} Nxc3 {[%emt 0:02:21]} 42. Bxc3 {[%emt 0:01:39]} Bxc3 {[%emt 0:00:02]} 43. Ra6 {[%emt 0:00:15]} Bxe5 {[%emt 0:00:33]} 44. Rxe6 {[%emt 0:00:08]} Bc3 {[%emt 0:00:17]} 45. Rd6 {[%emt 0:00:19]} d4 {[%emt 0:00:08]} 46. Rd5 {[%emt 0:00:14]} 1-0